Mediterranean Minefield Quiz Stats

 Plays Quiz Updated Feb 21, 2020

Support Sporcle.
Go Orange.
Score 0/22 Timer 04:00
9 Plays Today
% Correct
???
78.7%
???
78.4%
???
75.7%
???
75.4%
???
74.3%
???
71.5%
???
67.6%
???
66.1%
???
65.6%
???
65.4%
???
64.8%
% Correct
???
64.7%
???
64.7%
???
64.3%
???
60.3%
???
55%
???
52.9%
???
51.9%
???
44.3%
???
41.6%
???
37.1%
???
35.1%

From the Vault

Test Test

by Qaqaq

Some of these answers answers may surprise you.
Remove Ads.
Support Sporcle.
Get the best of Sporcle when you Go Orange. This ad-free experience offers more features, more stats, and more fun while also helping to support Sporcle. Thank you for becoming a member.

Show Comments

Extras

Top Quizzes Today


Score Distribution

Your Account Isn't Verified!

In order to create a playlist on Sporcle, you need to verify the email address you used during registration. Go to your Sporcle Settings to finish the process.

Report this User

Report this user for behavior that violates our Community Guidelines.

Details: